000 00847nmc a2200277 a 4500
003 AR-BaBNM
005 20251128211051.0
008 262020s1998 ||||||||||||||000 | spa||
020 _a950-753-040-1
040 _cAR-BaBNM
100 1 _aMahler, Paula
245 1 0 _aCuando el lenguaje habla del lenguaje
_blos usos reflexivos del lenguaje: metalenguaje y discurso diferido
260 _aBuenos Aires
_bCántaro Editores
_c1998
300 0 _a92 p.
490 0 _aEl caldero. Actualización docente
500 0 _aContiene glosario
504 _aContiene referencias bibliográficas en p. 89-92
650 4 _aLINGUISTICA
650 4 _aPAPEL DEL LENGUAJE
653 _aENSENANZA DE LA LENGUA
653 _aTIPOS DE TEXTOS
653 _aANALISIS DEL DISCURSO
800 1 _aAlvarado, Maite
_edirector
942 _cBK
998 _craquel
999 _c18087
_d18087